000
00331nam a22001457a 4500
008
210311b ||||| |||| 00| 0 eng d
020
_a
003086688X
041
_a
eng
080
_a
311
082
_a
331
100
_a
55
101
_a
STA
245
_a
Introduction to Statistics and Probability
_c
Dudewicz,J.E
942
_2
udc
_c
BK
999
_c
56393
_d
56393